000 00682nam a22002537a 4500
001 74307
003 UA-OsUOA
005 20201216184244.0
007 ta
008 20110331b un ||||| |||| 00| 0 ukr d
020 _a978-966-1673-01-3
040 _aUA-OsUOA
_bukr
_cUA-OsUOA
_dUA-OsUOA
041 _aukr
080 _a159.9
090 _a159.9
_bА82
100 _aАрканова О.
245 _aПсихологія взаємин
_bнаукова монографія
260 _aК.
_bТОВ "КММ"
_c2009
300 _a120 с.
650 7 _2UDC
942 _cBK
_2udc
955 _a2
999 _c355888
_d355888